Eric Church Charting Songs (Billboard Hot Country) - Statistics

General Stats
  • This quiz has been taken 15 times
  • The average score is 13 of 37
Answer Stats
Album Weeks On Peak Artist(s) Song % Correct
Chief 23 Weeks #1 Eric Church Springsteen
87%
Chief 26 Weeks #1 Eric Church Drink In My Hand
80%
Mr Misunderstood 27 Weeks #2 Eric Church Record Year
73%
Mr Misunderstood 20 Weeks #15 Eric Church Mr Misunderstood
67%
The Outsiders 26 Weeks #2 Eric Church Talladega
67%
The Outsiders 22 Weeks #4 Eric Church Give Me Back My Hometown
60%
Sinners Like Me 8 Weeks #51 Eric Church Sinners Like Me
60%
The Outsiders 20 Weeks #6 Eric Church The Outsiders
60%
Desperate Man 22 Weeks #8 Eric Church Desperate Man
53%
Heart 33 Weeks #12 Eric Church Heart on Fire
53%
Soul 32 Weeks #2 Eric Church Hell of a View
53%
Carolina 37 Weeks #16 Eric Church Smoke a Little Smoke
53%
What You See Is What You Get 26 Weeks #4 Luke Combs ft. Eric Church Does to Me
47%
Chief 21 Weeks #13 Eric Church Like Jesus Does
47%
The Outsiders 29 Weeks #6 Eric Church Like a Wrecking Ball
40%
Chief 29 Weeks #10 Eric Church Creepin'
33%
Mr Misunderstood 41 Weeks #7 Eric Church Round Here Buzz
33%
The Outsiders 18 Weeks #20 Eric Church Cold One
27%
Mr Misunderstood 28 Weeks #9 Eric Church ft. Rhiannon Giddens Kill a Word
27%
Desperate Man 26 Weeks #7 Eric Church Some of It
27%
Heart 18 Weeks #23 Eric Church Stick That In Your Country Song
27%
The Outsiders 2 Weeks #24 Eric Church A Man Who Was Gonna Die Young
20%
Heart 1 Week #41 Eric Church Crazyland
20%
Sinners Like Me 27 Weeks #17 Eric Church Guys Like Me
20%
Chief 25 Weeks #13 Eric Church Homeboy
20%
Night Train 22 Weeks #5 Jason Aldean with Luke Bryan & Eric Church The Only Way I Know
20%
& 1 Week #49 Eric Church Through My Ray-Bans
20%
Sinners Like Me 20 Weeks #19 Eric Church Two Pink Lines
20%
Desperate Man 2 Weeks #35 Eric Church Heart Like a Wheel
13%
Carolina 31 Weeks #10 Eric Church Hell on the Heart
13%
Sinners Like Me 25 Weeks #14 Eric Church How 'Bout You
13%
Desperate Man 27 Weeks #20 Eric Church Monsters
13%
Fuse 20 Weeks #8 Keith Urban ft. Eric Church Raise 'Em Up
13%
Soul 1 Week #44 Eric Church Bunch of Nothing
7%
Carolina 33 Weeks #10 Eric Church Love Your Love the Most
7%
The Outsiders 2 Weeks #43 Eric Church That's Damn Rock & Roll
7%
Caldwell Country 15 Weeks #45 Eric Church His Kind of Money (My Kind of Love)
0%
No matching quizzes found
Score Distribution
Percent of People with Each Score
Percentile by Number Answered
Your Score History
You have not taken this quiz